000 00291nam a2200121Ia 4500
008 191201s2018 xx 000 0 und d
100 _aMURALI, C
245 0 _aComputer Communication Networks
260 _bCemgage Learning
_c2018
300 _a300
650 _aB.Tech(CSE)
942 _2ddc
_cBK
999 _c6967
_d6967